Statistics for AP United States Government and Politics #2

Click here to take the quiz!

General Stats

  • This quiz has been taken 24 times
  • The average score is 5 of 9

Answer Stats

Answer% Correct
Constitution
82%
Federalist 10
76%
Declaration of Independence
71%
Federalist 51
53%
Federalist 70
53%
Articles of Confederation
41%
Federalist 78
41%
Letter from a Birmingham Jail
41%
Brutus I
12%

Score Distribution

Percentile by Number Answered

Percent of People with Each Score

Your Score History

You have not taken this quiz